| 000 | 00992nam a2200277Ia 4500 | ||
|---|---|---|---|
| 999 |
_c4378 _d4378 |
||
| 003 | OSt | ||
| 005 | 20200401103509.0 | ||
| 008 | 191128s2017 ck gr 000 0 spa d | ||
| 020 | _a9789585624597 | ||
| 040 |
_aCO-JMCR _cCO-JMCR |
||
| 041 | 0 | _aspa | |
| 082 | 0 | 4 |
_a070.442 / _bV648b |
| 100 | 1 |
_aVidal, Velia, _eautora _91405 |
|
| 245 | 1 | 0 |
_aBajo el yarumo / _cVelia Vidal ; coordinador Juan Álvarez, Juan Cárdenas, Elizabeth Valenzuela |
| 260 |
_aBogotá : _bMinisterio de Ambiente y Desarrollo Sostenible, _c2017 |
||
| 300 |
_a23 páginas ; _c21 cm. |
||
| 490 | 0 | _aMaletín de relatos pacíficos | |
| 650 | 1 |
_aLiteratura colombiana _ySiglo XXI _91406 |
|
| 650 | 1 | 4 |
_aPoesía colombiana _ySiglo XXI _91407 |
| 650 | 2 | 4 |
_aCuentos colombianos _ySiglo XXI _91408 |
| 650 | 2 | 4 |
_aNovela colombiana _ySiglo XXI _91409 |
| 700 | 1 |
_aÁlvarez, Juan, _ecoordinador _91264 |
|
| 700 | 1 |
_aCárdenas, Juan, _dcoordinador _91335 |
|
| 700 | 1 |
_aValenzuela, Elizabeth, _dcoordinador _91336 |
|
| 942 |
_2ddc _cBK |
||